00621nam a2200181Ia 4500008004100000020001500041082001800056100002100074245007200095250000800167260003100175300001300206700002200219700001800241942000700259999001900266952015400285161229s9999 xx 000 0 und d a0030228328 a657.48 DAV/FI aDavidson, Sidney aFinancial accounting: an introduction to concepts,methods, and uses a5th bThe Dryden PressaNew York axvi, 800 aStickney, Clyde P aWeil, Roman L cBK c153648d153648 00104070aKAUCLVbKAUCLVd2016-12-29l0o657.48 DAV/FIp904957r2016-12-29 00:00:00w2016-12-29yBKzBook transferred from CCBM Library ,Acc.No:307